00366 a2200109 4500001001000000005001700010008004100027245008000068100002800148773006300176999001700239ART_1049520260410161848.0260409a 10aObjetivos alternativos de la empresa y elasticidad de la demanda de insumos1 aFernandez Pol, Jorge E.0 tEconómicag- Año XXIII, Nº3 (sep./dic. 1977)wREV7541 c24786d24786